000 00962cam a22002898a 4500
001 17081307
005 20150128103030.0
008 111212s2013 mou f 000 0 eng
010 _a 2011044012
020 _a9780323081979
040 _aDLC
_cDLC
042 _apcc
050 0 0 _aRC 78.7.U4
_b.St78 2013
082 0 0 _a616.07/543
245 0 0 _aStudy guide and laboratory exercises for technology for diagnostic sonography /
_cWayne R. Hedrick, Paul R. Wagner.
250 _a1st ed.
260 _aSt. Louis, Mo. :
_bElsevier/Mosby,
_cc2013.
263 _a1202
300 _a194 pages :
_billustrations ;
_c28 cm.
650 0 _aDiagnostic ultrasonic imaging
_vProblems, exercises, etc.
650 0 _aDiagnostic ultrasonic imaging
_vLaboratory manuals.
700 1 _aHedrick, Wayne R.
700 1 _aWagner, Paul R.
906 _a7
_bcbc
_corignew
_d1
_eecip
_f20
_gy-gencatlg
942 _2lcc
_cBK
999 _c278906
_d278906